Tun Abdul Razak

Bibliographic Details
Format: Book
Published: Kuala Lumpur : Penerbitan Fargoes sdn. Bhd. , 1985
Series:Siri Negarawan Tanahair
Subjects:

MARC

LEADER 00000cam a2200000 7i4500
001 0000060379
005 20220105105407.0
008 160302
020 |a 9789676601500 
090 0 0 |a BIO/MAL 
245 1 0 |a Tun Abdul Razak 
260 |a Kuala Lumpur :   |b Penerbitan Fargoes sdn. Bhd. ,   |c 1985 
300 |a 30pg. 
490 0 |a Siri Negarawan Tanahair 
500 |a Children ages 7-9 years old (orange) 
650 0 |a Children's Stories Malay 
999 |a 0000923968   |b Book   |c Children Collection   |e Cawangan Bukit Gambir 
999 |a 0001278864   |b Book   |c Children Collection   |e Cawangan Muar 
999 |a 00063522   |b Book   |c Children Collection   |e Cawangan Muar